| 000 | 01017nam a22002891i 4500 | ||
|---|---|---|---|
| 001 | 23458 | ||
| 003 | BD-RjUL | ||
| 005 | 20211209000931.0 | ||
| 008 | 140311s1974 ja c b 000 1 eng | ||
| 020 | _a0860081168 : | ||
| 035 | _a(BD-RjUL)23523 | ||
| 040 |
_aDLC _cDLC _dDLC _dBD-RjUL _beng |
||
| 041 | 1 | _aengund | |
| 082 | 0 | 0 |
_a895.634 _bRIL 1974 |
| 100 | 1 |
_aYokomitsu, Riichi, _d1898-1947. _972248 |
|
| 245 | 1 | 0 |
_aLove and other stories of Yokomitsu Riichi / _cYokomitsu Riichi; translated and with an introd. by Dennis Keene. |
| 260 |
_aTokyo : _bUniversity of Tokyo Press, _cc1974. |
||
| 300 |
_axxii, 266 p. : _bport. (on lining papers) ; _c23 cm. |
||
| 490 | 1 | _aThe Japan Foundation translation series | |
| 504 | _aBibliography: p. 265-266. | ||
| 600 | 1 | 0 |
_aYokomitsu, Riichi, _d1898-1947 _xTranslations into English. _972249 |
| 651 | 0 |
_aJapan _xSocial life and customs _xFiction. _972250 |
|
| 700 | 1 |
_a Keene, Dennis, _972251 |
|
| 942 |
_2ddc _cBK |
||
| 999 |
_c23458 _d23458 |
||